Распоряжение ГКО СССР № 4374 с об изменении плана производства водомеров на заводе "Водоприбор" в Москве в 4 квартале 1943 г., с...

RUSMARC
00005704cbm0a2200349#x 450
001ad9f94af-8041-4862-a4c1-798bdf12ea7d
00520250605100315.0
100##$a20250604j19431021k###0rusy50 ca
1010#$arus
102##$aRU
105##$ay###z########
1220#$ad19431021##
2001#$aРаспоряжение ГКО СССР № 4374 с об изменении плана производства водомеров на заводе "Водоприбор" в Москве в 4 квартале 1943 г., с приложением ведомости материалов
$j21 октября 1943 г.
251##$cДокумент
300##$aРассылочный и подлинный экземпляры
461#0$12001
$aФ. 644
$1251
$cФонд
$1852
$j644
462#0$12001
$aОп. 1
$1251
$cОпись
$1852
$j1
60101$2nlr_sh
$3RU\NLR\AUTH\661357733
$aСССР
$bГосударственный Комитет Обороны
$xИстория
$jДокументы и материалы
60101$2prlib_sh
$3LIBNET\UAF\0000117242
$a"Завод Водоприбор", общество с ограниченной ответственностью
$cМалоярославец, город; Калужская область
$xИстория
$jДокументы и материалы
605##$2prlib_sh
$3LIBNET\UAF\0000088514
$aВторая мировая война в архивных документах (Комплекс оцифрованных архивных документов, кино- и фотоматериалов)
$lколлекция
605##$2acquisition_Prlib
$3DITM\AF\0000002775
$aВласть
$lколлекция
6061#$2nlr_sh
$3RU\NLR\AUTH\661280795
$aВеликая Отечественная война
$z1941 - 1945
$xТыл(воен.)
$jДокументы и материалы
6061#$2nlr_sh
$3RU\NLR\AUTH\661323374
$aПромышленность
$xИстория
$yСССР
$z1941 - 1945
$jДокументы и материалы
6061#$2nlr_sh
$3RU\NLR\AUTH\66202886
$aВодомеры
$jДокументы и материалы
686##$a63.3(2)622,12ю1
$vLBC/M
$2rubbk
686##$a65.03(2)622ю1
$vLBC/M
$2rubbk
686##$a38.761г.ю1
$vLBC/M
$2rubbk
801#0$aRU
$bПБ им. Б.Н. Ельцина
$c20250604
801#1$aRU
$bПБ им. Б.Н. Ельцина
$c20250604
$2rusmarc
801#2$aRU
$bПБ им. Б.Н. Ельцина
$c20250605
$2rusmarc
850##$aРоссийский государственный архив социально-политической истории
852##$aРГАСПИ
$jД. 165. Л. 136-137; Оп. 2. Д. 232. Л. 134-136об.
035##$aLIBNET\0001477918
937##$d196768723
$hФедеральное архивное агентство
8564#$uhttp://readingroom.main.prlib.ru/item.aspx?id_node=n196768723&mode=full
Формат отображения